| 000 | 00695nam a2200229 i 4500 | ||
|---|---|---|---|
| 001 | 47537 | ||
| 003 | ES-MaACL | ||
| 005 | 20250823085843.0 | ||
| 007 | t| | ||
| 008 | 030505s1963 pr ||||1| spa d | ||
| 080 | _a821.134.2-14"19" | ||
| 100 | 1 |
_aOtero, Blas de, _d1916-1979 _987879 |
|
| 245 | 1 | 0 |
_aEsto no es un libro / _cBlas de Otero. |
| 250 | _a1ยช ed. | ||
| 260 |
_aSan Juan de Puerto Rico : _bUniversidad de Puerto Rico, _c1963. |
||
| 300 |
_a180 p. ; _c22 cm. |
||
| 490 | 1 | _aCuadernos de cultura y cultivo | |
| 710 | 2 |
_aUniversidad de Puerto Rico _97273 |
|
| 830 | 1 |
_aCuadernos de cultura y cultivo _9183410 |
|
| 852 |
_aES-MaACL _jG-6005 |
||
| 999 |
_c47537 _d47537 |
||